Nghiên cứu các ràng buộc, đặc điểm của chương trình đào tạo - Phát triển hệ thống phần mềm quản lý chương trình đào tạo : Báo cáo tổng kết đề tài khoa học cấp Trường

Gespeichert in:
Bibliographische Detailangaben
1. Verfasser:  Phạm, Quảng Tri
Format: Buch
Sprache:Undetermined
Veröffentlicht:  Đại học Công nghiệp TP. Hồ Chí Minh  2024
Schlagworte:
Tags: Tag hinzufügen
Keine Tags, Fügen Sie den ersten Tag hinzu!
Thư viện lưu trữ: Trung tâm Thư viện - Trường Đại học Công nghiệp TP. Hồ Chí Minh
LEADER 00822nam a2200157Ia 4500
001 IUH_2025_00539
008 251224s9999 xx 000 0 und d
082 |a  378.1 
100 |a  Phạm, Quảng Tri 
245 0 |a  Nghiên cứu các ràng buộc, đặc điểm của chương trình đào tạo - Phát triển hệ thống phần mềm quản lý chương trình đào tạo : Báo cáo tổng kết đề tài khoa học cấp Trường 
245 0 |c  Phạm, Quảng Tri 
260 |b  Đại học Công nghiệp TP. Hồ Chí Minh 
260 |c  2024 
650 |a  Giáo dục đại học; Chương trình đào tạo;  
927 |a Đề tài khoa học 
980 |a Trung tâm Thư viện - Trường Đại học Công nghiệp TP. Hồ Chí Minh